<?xml version="1.0" encoding="UTF-8"?>
<record
    xmlns:xsi="http://www.w3.org/2001/XMLSchema-instance"
    xsi:schemaLocation="http://www.loc.gov/MARC21/slim http://www.loc.gov/standards/marcxml/schema/MARC21slim.xsd"
    xmlns="http://www.loc.gov/MARC21/slim">

  <leader>00766nam a2200205   4500</leader>
  <datafield tag="999" ind1=" " ind2=" ">
    <subfield code="c">3527</subfield>
    <subfield code="d">3527</subfield>
  </datafield>
  <controlfield tag="001">4278</controlfield>
  <controlfield tag="005">20190813111023.0</controlfield>
  <controlfield tag="008">190813b           ||||| |||| 00| 0 eng d</controlfield>
  <datafield tag="090" ind1="0" ind2="0">
    <subfield code="a">244.3 T8823p  2011</subfield>
  </datafield>
  <datafield tag="100" ind1=" " ind2=" ">
    <subfield code="a">Tshering, Tendin.</subfield>
  </datafield>
  <datafield tag="245" ind1="0" ind2="0">
    <subfield code="a">&#xF51;&#xF54;&#xF63;&#xF0B;&#xF63;&#xFA1;&#xF53;&#xF0B;&#xF60;&#xF56;&#xFB2;&#xF74;&#xF42;&#xF0B;&#xF54;&#xF0B;&#xF58;&#xF41;&#xF53;&#xF0B;&#xF46;&#xF7A;&#xF53;&#xF0B;&#xF41;&#xFB2;&#xF72;&#xF0B;&#xF62;&#xF56;&#xF66;&#xF0B;&#xF42;&#xF66;&#xF63;&#xF0B;&#xF56;&#xF60;&#xF72;&#xF0B;&#xF58;&#xF7A;&#xF0B;&#xF63;&#xF7C;&#xF44;&#xF0B;&#xF0D;</subfield>
    <subfield code="c">Tandin Tshering.</subfield>
  </datafield>
  <datafield tag="260" ind1="0" ind2="0">
    <subfield code="a">Thimphu :</subfield>
    <subfield code="b">n.p.,</subfield>
    <subfield code="c">2011.</subfield>
  </datafield>
  <datafield tag="300" ind1="0" ind2="0">
    <subfield code="a">197 p. : col. ill. ; 28 cm.</subfield>
  </datafield>
  <datafield tag="500" ind1=" " ind2=" ">
    <subfield code="a">[History of Je khenpo in Bhutan].</subfield>
  </datafield>
  <datafield tag="500" ind1="0" ind2="0">
    <subfield code="a">In Dzongkha. </subfield>
  </datafield>
  <datafield tag="650" ind1="0" ind2="0">
    <subfield code="a">Brug-pa lamas --Bhutan --Biography.</subfield>
  </datafield>
  <datafield tag="650" ind1="0" ind2="0">
    <subfield code="a">Brug-pa lamas --China --Tibet --Biography.</subfield>
  </datafield>
  <datafield tag="700" ind1=" " ind2=" ">
    <subfield code="a">Brag-phug Dge-b&#x15B;es Dge-dun-rin-chen, 1926- </subfield>
  </datafield>
  <datafield tag="942" ind1=" " ind2=" ">
    <subfield code="2">ddc</subfield>
    <subfield code="c">DZONGKHA</subfield>
  </datafield>
  <datafield tag="952" ind1=" " ind2=" ">
    <subfield code="0">0</subfield>
    <subfield code="1">0</subfield>
    <subfield code="2">ddc</subfield>
    <subfield code="4">0</subfield>
    <subfield code="7">0</subfield>
    <subfield code="8">DZONGKHA</subfield>
    <subfield code="a">RTCLIB</subfield>
    <subfield code="b">RTCLIB</subfield>
    <subfield code="c">DZONGKHA</subfield>
    <subfield code="d">2021-03-01</subfield>
    <subfield code="h"> </subfield>
    <subfield code="i">6591</subfield>
    <subfield code="l">4</subfield>
    <subfield code="m">18</subfield>
    <subfield code="o">954.98 CHO</subfield>
    <subfield code="p">30007941</subfield>
    <subfield code="q">2024-06-18</subfield>
    <subfield code="r">2022-01-04 00:00:00</subfield>
    <subfield code="s">2022-01-04</subfield>
    <subfield code="w">2018-11-27</subfield>
    <subfield code="y">DZONGKHA</subfield>
  </datafield>
</record>
